000 00985nam a2200277 a 4500
008
020 _a0797415947 (pbk.)
049 _aMAIN
090 0 0 _aQK402.R5
_bTRE
100 1 _aTredgold, Margaret H.
245 1 0 _aZimbabwe's wild flowers /
_cillustrated by Margaret H. Tredgold ; text by H.M. Biegel ; revised by Susan L. Childes.
260 _aHarare :
_bTrustees of the National Museums and Monuments of Zimbabwe,
_cc1996.
300 _axviii, 73 p. :
_bcol. ill., col. maps ;
_c28 cm. +
_eCD
440 0 _aThomas Meikle series ;
_vno. 5
500 _aIncludes indexes.
650 0 _aWild flowers
_zZimbabwe
_vIdentification.
650 0 _aWild flowers
_zZimbabwe
_vPictorial works.
650 0 _aBotanical illustration
_zZimbabwe.
700 1 _aBiegel, H. M.
700 1 _aChildes, Susan L.
907 _a.b10161144
_b06-11-12
_c07-04-05
003
005 20230123134003.0
040 _cNUST
942 _cBOOKS
_kQK402.R5
_mTRE
999 _c158050
_d158050